| 000 | 00352nam a22001217a 4500 | ||
|---|---|---|---|
| 082 | _a220 PRO | ||
| 100 |
_aTWAHA IBRAHIM,FARHAN,AKIF NAVEED _972374 |
||
| 245 | _aPR-SOF-1062-INTERACTIVE EDUCATION USING DIGITAL LABORATORIES | ||
| 260 |
_aISLAMABAD _bNUST COLLEGE OF EME _c2011 |
||
| 650 | _aDE-COMP-29 | ||
| 700 |
_aDR SHOAB A KHAN _918474 |
||
| 942 | _cCR | ||
| 999 |
_c578433 _d578433 |
||